| 000 | 00386nam a22001577a 4500 | ||
|---|---|---|---|
| 003 | OSt | ||
| 005 | 20250512100133.0 | ||
| 008 | 250512b |||||||| |||| 00| 0 eng d | ||
| 020 | _a9789352605170 | ||
| 040 | _cIIMT ENGINEERING COLLEGE | ||
| 100 | _aJOSEPH BENNY | ||
| 245 | _aENVIRONMENTAL STUDIES | ||
| 260 |
_aNEW DELHI _bTMH PUB _c03/05/25 |
||
| 300 | _a244 | ||
| 942 |
_2ddc _c01 _e3 ED |
||
| 999 |
_c65601 _d65601 |
||